<?xml version="1.0" encoding="UTF-8"?>
<record
    xmlns:xsi="http://www.w3.org/2001/XMLSchema-instance"
    xsi:schemaLocation="http://www.loc.gov/MARC21/slim http://www.loc.gov/standards/marcxml/schema/MARC21slim.xsd"
    xmlns="http://www.loc.gov/MARC21/slim">

  <leader>02381cam a2200301   4500500</leader>
  <controlfield tag="005">20260329021034.0</controlfield>
  <datafield tag="041" ind1=" " ind2=" ">
    <subfield code="a">fre</subfield>
  </datafield>
  <datafield tag="042" ind1=" " ind2=" ">
    <subfield code="a">dc</subfield>
  </datafield>
  <datafield tag="100" ind1="1" ind2="0">
    <subfield code="a">Jozefowicz, Nathalie</subfield>
    <subfield code="e">author</subfield>
  </datafield>
  <datafield tag="245" ind1="0" ind2="0">
    <subfield code="a">&#xC9;crire pour ne pas mourir&#xA0;: on peut toujours r&#xEA;ver&#x2026;</subfield>
  </datafield>
  <datafield tag="260" ind1=" " ind2=" ">
    <subfield code="c">2025.
							</subfield>
  </datafield>
  <datafield tag="500" ind1=" " ind2=" ">
    <subfield code="a">31</subfield>
  </datafield>
  <datafield tag="520" ind1=" " ind2=" ">
    <subfield code="a">Au fil des trois rapports, nous &#xE9;voquons l&#x2019;id&#xE9;e que l&#x2019;&#xE9;criture est une forme de &#xAB;&#xA0;r&#xE9;sistance&#xA0;&#xBB; pour permettre &#xE0; l&#x2019;analyste de &#xAB;&#xA0;ne pas mourir&#xA0;&#xBB;, que les cures de ses patients continuent, m&#xEA;me &#xE0; travers la latence entre enfance et &#xE2;ge adulte. R&#xE9;duire les clivages internes (dus aux traumas) en prenant conscience des collusions entre son histoire et celle du patient, et externes en posant la question de l&#x2019;impact du &#xAB;&#xA0;visuel&#xA0;&#xBB; (traumatique et d&#xE9;symbolisant ou symbolisant et constructeur).</subfield>
  </datafield>
  <datafield tag="520" ind1=" " ind2=" ">
    <subfield code="a">In the three reports, it is suggested that writing is a form of &#x201C;resistance&#x201D; that enables the analyst &#x201C;not to die&#x201D;, that the treatments of his or her patients continue, even through the latency period between childhood and adulthood. It is important to reduce internal splits (due to traumas) by becoming aware of the collusions between his or her history and that of the patient, as well as external splits by raising questions about the impact of the &#x201C;visual&#x201D; (traumatic and desymbolizing or symbolizing and constructive).</subfield>
  </datafield>
  <datafield tag="520" ind1=" " ind2=" ">
    <subfield code="a">Mediando tres informes, evocamos la idea que la escritura es una forma de &#x201C;resistencia&#x201D; que permite al analista &#x201C;no morir&#x201D;, y que las curas de sus pacientes contin&#xFA;en, incluso a trav&#xE9;s de la latencia entre la ni&#xF1;ez y la edad adulta. Reducir las escisiones internas (motivadas por los traumas) tomando conciencia de las colusiones entre su historia y la del paciente, y externas planteando el tema del impacto de lo &#x201C;visual&#x201D; (traum&#xE1;tico y desimbolizante o simbolizante y constructor).</subfield>
  </datafield>
  <datafield tag="690" ind1=" " ind2=" ">
    <subfield code="a">clivage</subfield>
  </datafield>
  <datafield tag="690" ind1=" " ind2=" ">
    <subfield code="a">&#xE9;criture</subfield>
  </datafield>
  <datafield tag="690" ind1=" " ind2=" ">
    <subfield code="a">r&#xE9;sistance</subfield>
  </datafield>
  <datafield tag="690" ind1=" " ind2=" ">
    <subfield code="a">symbolisation</subfield>
  </datafield>
  <datafield tag="690" ind1=" " ind2=" ">
    <subfield code="a">trauma</subfield>
  </datafield>
  <datafield tag="690" ind1=" " ind2=" ">
    <subfield code="a">resistance</subfield>
  </datafield>
  <datafield tag="690" ind1=" " ind2=" ">
    <subfield code="a">splitting</subfield>
  </datafield>
  <datafield tag="690" ind1=" " ind2=" ">
    <subfield code="a">symbolization</subfield>
  </datafield>
  <datafield tag="690" ind1=" " ind2=" ">
    <subfield code="a">trauma</subfield>
  </datafield>
  <datafield tag="690" ind1=" " ind2=" ">
    <subfield code="a">Writing</subfield>
  </datafield>
  <datafield tag="786" ind1="0" ind2=" ">
    <subfield code="n">Revue fran&#xE7;aise de psychanalyse | 89 | 5 | 2025-12-19 | p. 1277-1282 | 0035-2942</subfield>
  </datafield>
  <datafield tag="856" ind1="4" ind2="1">
    <subfield code="u">https://shs.cairn.info/revue-revue-francaise-de-psychanalyse-2025-5-page-1277?lang=fr&amp;redirect-ssocas=7080</subfield>
  </datafield>
  <datafield tag="999" ind1=" " ind2=" ">
    <subfield code="c">1909597</subfield>
    <subfield code="d">1909597</subfield>
  </datafield>
</record>
